Vzdelávanie spotrebiteľov v oblasti udržateľnosti diplomová práca

Enregistré dans:
Détails bibliographiques
Auteur principal: Dufalová, Ivana
Collectivité auteur: Obchodná fakulta EU. Katedra marketingu
Autres auteurs: Chomová, Katarína, 1983-
Format: Livre
Langue:slovaque
Publié: Bratislava 2024
Tags: Ajouter un tag
Pas de tags, Soyez le premier à ajouter un tag!

MARC

LEADER 00000nbm a2200000 4500
001 0302223
005 20241206151336.5
041 0 |a slo 
044 |a SK 
245 1 0 |a Vzdelávanie spotrebiteľov v oblasti udržateľnosti  |b diplomová práca  |c Ivana Dufalová ; školiteľ: Katarína Chomová 
264 1 |a Bratislava  |c 2024 
300 |a 86 s. 
100 1 |a Dufalová, Ivana 
700 1 |a Chomová, Katarína, 1983- 
710 2 |a Obchodná fakulta EU. Katedra marketingu